00663nam a22002057a 4500003000400000008004100004082001800045100001900063245014000082260003800222300000900260502001700269650001700286650001100303650001100314650001100325942001100336999001700347952009300364OSt260422b |||||||| |||| 00| 0 eng d a634.421bR18E aRanjan, Priya. aEffect of Pre and Post-Harvest Application of Various Chemicals on Shelf Life of Guava Fruit (Psidium guajava L.) var. Allahabad Safeda aSabour, BhagalpurbBAC, RAUc2005 a68p. bM. Sc.d2005 aHorticulture aGuavas aThesis aM. Sc. 2ddccT c50105d50105 00102ddc4070aRAUbRAUd2026-04-22l0o634.421 R18Ep54640r2026-04-22w2026-04-22yT